Alle Alben - Kollegah - Statistiken

Allgemein
  • Dieses Quiz wurde 372 mal gespielt
    54 seit der letzten Aktualisierung
  • Das Durchschnittsergebnis liegt bei 17 aus 24
Antwortstatistiken
Jahr Album % Korrekt
2009 Jung, brutal, gutaussehend
89%
2013 Jung, brutal, gutaussehend 2
89%
2017 Jung, brutal, gutaussehend 3
89%
2014 King
89%
2005 Zuhältertape (X-Mas Edition)
89%
2011 Bossaura
83%
2007 Alphagene
79%
2015 Zuhältertape Vol. 4
77%
2009 Zuhältertape Volume 3
77%
2019 Alphagene II
74%
2021 Zuhältertape, Vol. 5
74%
2016 Imperator
72%
2008 Kollegah
70%
2018 Monument
70%
2024 Still King
66%
2006 Boss der Bosse
64%
2023 La Deutsche Vita
64%
2022 Free Spirit
62%
2021 Natural Born Killas
60%
2018 Platin war gestern
57%
2010 Hoodtape Volume 1 (X-Mas Edition)
51%
2016 Hoodtape Volume 2
49%
2018 Hoodtape Volume 3
43%
2023 C.B.A.
36%
Keine übereinstimmenden Quizze gefunden
Verteilung der Resultate
Anzahl Personen mit jedem Resultat
Perzentil nach korrekt beantworteten Fragen
Ihre Resultats-Entwicklung
Sie haben dieses Quiz seit der letzten Aktualisierung nicht gespielt